Dimensiones liberales y progresistas de la constitución de 1963 / (Registro nro. 13690)

Detalles MARC
000 -LEADER
fixed length control field 01637nam a22003017a 4500
003 - CONTROL NUMBER IDENTIFIER
control field DO-SdBNP
005 - DATE AND TIME OF LATEST TRANSACTION
control field 20210830132231.0
007 - PHYSICAL DESCRIPTION FIXED FIELD--GENERAL INFORMATION
fixed length control field ta
008 - FIXED-LENGTH DATA ELEMENTS--GENERAL INFORMATION
fixed length control field 210702e2018 dr ||||gr|||| 00| e spa d
020 ## - INTERNATIONAL STANDARD BOOK NUMBER
International Standard Book Number 9789945899641
040 ## - CATALOGING SOURCE
Original cataloging agency DO-SdBNP
Language of cataloging spa
Transcribing agency BPMSU
041 ## - LANGUAGE CODE
Language code of original spa
082 #4 - DEWEY DECIMAL CLASSIFICATION NUMBER
Classification number 342.7293
Item number V156d 2018
Edition number 22
100 1# - MAIN ENTRY--PERSONAL NAME
Personal name Valentín Jiminián, Julio César
245 10 - TITLE STATEMENT
Title Dimensiones liberales y progresistas de la constitución de 1963 /
Statement of responsibility, etc. Julio César Valentín Jiminián
250 ## - EDITION STATEMENT
Edition statement 2a.ed.
260 ## - PUBLICATION, DISTRIBUTION, ETC. (IMPRINT)
Place of publication, distribution, etc. Santo Domingo :
Name of publisher, distributor, etc. Alfa y Omega,
Date of publication, distribution, etc. 2018
300 ## - PHYSICAL DESCRIPTION
Extent 311 p. :
Dimensions 23 cm
500 ## - GENERAL NOTE
General note Incluye datos biográficos del autor en la solapa de la cubierta
500 ## - GENERAL NOTE
General note Incluye índice onomástico
504 ## - BIBLIOGRAPHY, ETC. NOTE
Bibliography, etc Bibliografía, p. 197 - 211
505 0# - FORMATTED CONTENTS NOTE
Title Dedicatoria.--
-- Julio César Valentín y la Constitución de Bosch.--
-- Notas del autor.--
-- A modo de introducción.--
-- I. Liberalismo, Constitución y progreso.--
-- II. Notas dominantes del constitucionalismo dominicano.--
-- III. Aspiraciones liberales y progresistas del triunfo de Bosch.--
-- IV. Matices progresistas de la Carta Magna de 1963. De los enunciados a los hechos concretos. Constitucionalismo social y otros contenidos progresistas: manzana de la discordia. El trabajo, los trabajadores y los excluidos. La familia, la educación y la salud. La propiedad y la economía social.
-- V. Legado democrático e histórico del constitucionalismo de 1963.--
590 ## - LOCAL NOTE (RLIN)
Local note Inventariado 2021/VM
610 10 - SUBJECT ADDED ENTRY--CORPORATE NAME
Corporate name or jurisdiction name as entry element República Dominicana.
Title of a work Constitución (1963)
651 #4 - SUBJECT ADDED ENTRY--GEOGRAPHIC NAME
Geographic name República Dominicana
General subdivision Derecho constitucional
910 ## - USER-OPTION DATA (OCLC)
User-option data VMateo V.
942 ## - ADDED ENTRY ELEMENTS (KOHA)
Source of classification or shelving scheme Dewey Decimal Classification
Koha item type Libros
Existencias
Withdrawn status Lost status Source of classification or shelving scheme Damaged status Not for loan Collection code Home library Current library Date acquired Source of acquisition Total Checkouts Full call number Barcode Date last seen Price effective from Koha item type Copy number
    Dewey Decimal Classification     Colección Dominicana Biblioteca Pública Metropolitana Salomé Ureña Biblioteca Pública Metropolitana Salomé Ureña 08/30/2021 BNPHU   BPMSU CD 342.7293 V156d 2018 BPMSU21080104 08/30/2021 08/30/2021 Libros  
    Dewey Decimal Classification     Colección Dominicana Biblioteca Pública Metropolitana Salomé Ureña Biblioteca Pública Metropolitana Salomé Ureña 08/30/2021 BNPHU   BPMSU CD 342.7293 V156d 2018 BPMSU21080105 08/30/2021 08/30/2021 Libros e.2